Diéta s obmedzením purínov

Bibliographic Details
Main Author: Bošmanský, Karol, 1927-2016 (Author)
Format: Book
Language:Slovak
PhysicalDescription:4 s. 16,5x12 cm.
Published: Bratislava s.n. 1986
Edition:1. vyd.
Subjects:

MARC

LEADER 00000nam a2200000 a 4500
001 vtls001199401
003 SK-MaSNL
005 20260301154353.0
008 250414s1986 xo 0 slo
035 |a SNK000142470 
040 |a SNK  |b slo  |c SNK  |e AACR2 
041 0 |a slo 
044 |a xo  |c SK 
080 |a 613.24:616-002.78(041)  |2 1981 
080 |a 616-002.78(041)  |2 1981 
080 |a 616-002.78  |2 1981 
100 1 |a Bošmanský, Karol,  |d 1927-2016  |4 aut  |9 119482 
245 1 0 |a Diéta s obmedzením purínov  |c Karol Bošmanský 
250 |a 1. vyd. 
260 |a Bratislava  |b s.n.  |c 1986  |e Liptovský Mikuláš  |f Tlačiarne SNP 
300 |a 4 s.  |c 16,5x12 cm. 
366 |e 200 000 výtl. 
500 |a Zdravotnícka osveta. Nepredajné. 
655 7 |a zdravotnícka osveta  |2 SNK  |9 72803 
852 |a Slovenská národná knižnica 
954 |a diéta  |a dna 
958 |a OND 
958 |a TL 
999 |c 796629  |d 798559 
952 |t P60, <04>, [BOOK], {604}  |a SNK  |b SNK  |y VYP  |7 0  |p 17A0131306  |o snkOSD 6410 D1  |0 0  |1 0  |4 0  |d 1998-03-27  |l 0  |r 2005-01-01 00:00:00  |w 2026-02-24